| 000 | 00805nac a22002291u 4500 | ||
|---|---|---|---|
| 020 | _a0415369614 | ||
| 082 |
_a327.17 _bPRI |
||
| 090 |
_c8457 _d8457 |
||
| 100 | _a20080729 | ||
| 245 |
_aThe heart of war : _b on power, conflict and obligation in the twentieth-century / _cedited by Gwyn Prins |
||
| 260 |
_aLondon: _bRoutledge,2002 _c2002 |
||
| 300 |
_a308p.: _bill.; _c21 cm. |
||
| 500 | _adistributer: Al-Ahram | ||
| 511 | _acatalogued by: wessam | ||
| 650 | _aSecurity, International. | ||
| 650 |
_aWorld politics _y1989-. |
||
| 650 | _aHumanitarian intervention. | ||
| 650 | _aHuman rights. | ||
| 700 | _aPrins, Gwyn. | ||
| 942 |
_cBB _k327.17PRI |
||
| 999 |
_c8457 _d8457 |
||